LEADER 01262nam a2200313 a 4500 001 000000129304 003 CaOOAMICUS 005 20120613151138.0 008 120613s2012 it a 000 0 ita r 040 $aPUL$bita 082 04$a750 100 1 $aMaiocchi, Maria Cristina.$0(OLS)http://pul/name/79396 245 10$aDegas /$cMaria Cristina Maiocchi. 250 $aEd. speciale per il Sole 24 Ore. 260 $aMilano :$bIl Sole 24 ore,$c2012$aFirenze :$bE-ducation.it S.p.a.,$c2012. 300 $a157 p. :$bill. ;$c21 cm 490 1 $aI grandi maestri ;$v15 500 $aIn custodia. 504 $aInclude riferimenti bibliografici. 600 14$aDegas, Edgar,$d1834-1917.$0(OLS)http://pul/subject/37674 830 2$aI grandi maestri ;$v15.$0(OLS)http://pul/title/162243 850 $aPUL 852 $aPUL$W1$xDP2 Cons. Gen., Altre Classi 3$y97$m750 COLL 2.15$j149733$qDDC 21$B148255$CPULBib$Z2$F148255 $H119951 $82 941 1 $a9 996 $6082$a750$9(OLS)http://pul/classification/363 996 $6245$aDegas$9(OLS)http://pul/title/158520 996 $6260$aMilano :$bIl Sole 24 ore$9(OLS)http://pul/publisher/69212 996 $6260$aFirenze :$bE-ducation.it S.p.a.$9(OLS)http://pul/publisher/81559 LEADER 01441nam a2200277 u 4500 001 000000109585 003 CaOOAMICUS 005 20080208114908.0 008 080208s2005 it u000 u ita u 020 $a88-348-4633-8 040 $aPUL$bita$dBc 100 1 $aSolari, Gioele,$d1872-1952.$0(OLS)http://pul/name/21034 245 13$aIl problema del diritto e dello stato nella filosofia del diritto di Giorgio Guglielmo Federico Hegel /$cGiole Solari. 260 $aTorino :$bGiappichelli,$cc2005. 300 $aix, 114 p. ;$c23 cm. 490 1 $aRecta Ratio : testi e studi di filosofia del diritto.$aQuinta serie ;$v1. 600 14$aHegel, Georg Wilhelm Friedrich,$d1770-1831$xPensiero politico e sociale.$0(OLS)http://pul/subject/7786 650 4$aFilosofia del diritto.$0(OLS)http://pul/subject/620 830 0$aRecta Ratio : testi e studi di filosofia del diritto.$nQuinta serie ;$v1.$0(OLS)http://pul/title/132078 850 $aPUL 852 $aPUL$W1$xSL Diritto e Scienze Sociali 3$y79$m340. 01 COLL 1.1$j125337$qDDC 21$B124067$CPULBib$Z2$F124067 $H106264 $82 941 1 $a9 960 $aDiritto$xFilosofia$9620 996 $6020$a88-348-4633-8$9(OLS)http://pul/number/136992 996 $6245$aIl problema del diritto e dello stato nella filosofia del diritto di Giorgio Guglielmo Federico Hegel$9(OLS)http://pul/title/137846 996 $6260$aTorino :$bGiappichelli$9(OLS)http://pul/publisher/48244